000 00720cam a2200205 a 4500
001 000035713
005 20200930074543.0
008 790517s1958 sp 000 0 spa d
040 _aDO-SdBNP
_bspa
_cBNPHU
082 _axxxx
_bG599f
100 1 _aGoethe, Johann Wolfgang Von,
_d1749-1832
_912995
245 1 0 _aFausto /
_cJohann Wolfgang Goethe ;traducción del alemán y notas por N. S. L. ; con una nota prologada del Jaime Ardal.
260 _aSantiago de Chile :
_bIberia,
_c1958.
300 _a318 p. ;
_c18 cm.
490 1 _aObras maestras
590 _aPerteneció a la biblioteca personal de Juan Isidro Jimenes Grullón
700 1 _aArdal, Jaime
_918460
830 0 _aObras maestras
_914105
049 _aBNGR
999 _c35204
_d35204